000 00861cam a2200241 4500
001 agr66000333
003 DLC
005 20260227111025.0
008 700129s1966 dcua 000 0 eng c
010 _aagr66000333
040 _aU.S. Nat'l Agr. Libr.
_cDLC
_dDLC
050 0 0 _aHD1751
_b.A9183 no. 755
070 0 _a1 Ag84Mr no. 755
100 1 _aHammons, Donald R.
245 1 0 _aHog slaughtering and dressing systems
_c[by Donald R. Hammons.
260 _aWashington]
_bU.S. Dept. of Agriculture, Agricultural Research Service; [for sale by Supt. of Docs., U.S. Govt. Print. Off.,
_c1966]
300 _a25 p.
_billus.
_c26 cm.
490 1 _aMarketing research report no. 755
650 0 _aSlaughtering and slaughter-houses.
650 3 _aSwine
_xSlaughtering.
650 3 _aSwine houses and equipment.
830 0 _aMarketing research report ;
_vno. 755.
999 _c12120
_d12120